• 首页
  • 本馆介绍
  • 公告通知
  • 最新文献
  • 馆藏检索
  • 电子资源
  • 读者导购
  • 参考咨询
  • 我的图书馆
  • 登录
  • 详细信息显示
  • 放入我的书架
  • 预约/预借图书
  • 作者相关作品
  • 分类相关作品
  • 丛书相关作品
  • 出版社相关作品

书目信息

  • 表格格式
  • 工作单格式
  • 卡片格式
题名:
休闲体育在现代社会背景下的发展与实用研究
    
 
作者: 姚应祥 著
分册:  
出版信息: 北京   中国原子能出版社  2019.9
页数: 268页
开本: 24cm
丛书名:
单 册:
中图分类: G811.4
科图分类:
主题词: 休闲体育--研究
电子资源:
ISBN: 978-7-5022-9756-5
000 00946nam0 2200253 45
001 489851
005 20140818182454.0
010    @a978-7-5022-9756-5@dCNY86.00
099    @aCAL 012019158935
100    @a20191015d2019 em y0chiy0110 ea
101 0  @achi
102    @aCN@b110000
105    @aa a 000yy
106    @ar
200 1  @a休闲体育在现代社会背景下的发展与实用研究@Axiu xian ti yu zai xian dai she hui bei jing xia de fa zhan yu shi yong yan jiu@f姚应祥著
210    @a北京@c中国原子能出版社@d2019.9
215    @a268页@c图@d24cm
320    @a有书目 (第266-268页)
330    @a本书以休闲体育在现代社会背景下的发展作为研究对象, 阐述了相关理论并对发展中遇到的问题提出对策, 还对较为热门的休闲体育运动项目的开展方法进行指导, 以期为我国在休闲体育领域的发展作出贡献。
606 0  @a休闲体育@x研究
690    @aG811.4@v5
701  0 @a姚应祥@Ayao ying xiang@4著
801    @aCN@b江苏凤凰@c20211018
905    @b1356627-30@dG811.4@e107@f4
    
    休闲体育在现代社会背景下的发展与实用研究/姚应祥著.-北京:中国原子能出版社,2019.9
    268页:图;24cm
    
    
    ISBN 978-7-5022-9756-5:CNY86.00
    本书以休闲体育在现代社会背景下的发展作为研究对象, 阐述了相关理论并对发展中遇到的问题提出对策, 还对较为热门的休闲体育运动项目的开展方法进行指导, 以期为我国在休闲体育领域的发展作出贡献。
●
相关链接 在E读中查询图书 在五车中查询图书 在当当中查询图书 在豆瓣中查询图书


正题名:休闲体育在现代社会背景下的发展与实用研究     索取号:G811.4/107         预约/预借

序号 登录号 条形码 馆藏地/架位号 状态 备注
1 1356627   213566274   第一样本阅览室/ [索取号:G811.4/107] 在馆    
2 1356628   213566283   第四借阅区/ [索取号:G811.4/107] 在馆    
3 1356629   213566292   第四借阅区/ [索取号:G811.4/107] 在馆    
4 1356630   213566309   第四借阅区/ [索取号:G811.4/107] 在馆    
唐山师范学院图书馆 欢迎您!
大连网信软件有限公司© 版权所有